MARC
| LEADER | 00000cam a2200000 7i4500 | ||
|---|---|---|---|
| 001 | 0000003614 | ||
| 005 | 20050623.0 | ||
| 020 | |a 0854067523 | ||
| 040 | |a INS | ||
| 090 | 0 | 0 | |a HX11. |b N42 1997 |
| 245 | 0 | 0 | |a Improving the rating system : |b The bayliss report |
| 260 | |a London : |b RICS , |c 1997 | ||
| 300 | |a 39p. | ||
| 650 | 0 | 0 | |a Rating |
| 999 | |a 0000006991 |b BOOK |c Open Shelf |e Default branch | ||